[Event "Challenge"]
[Site "http://www.queenalice.com/game.php?id=1384244"]
[Date "2015.9.20"]
[Round "-"]
[White "worldwide"]
[Black "GiovaniB10"]
[Result "1-0"]
[WhiteElo "1875"]
[BlackElo "1775"]

1. Nf3 d6 2. g3 e5 3. e4 b6 4. Bg2 Bb7 5. d3 d5 6. exd5 Bxd5 7. O-O Nc6 8. c4
Bxc4 9. dxc4 Be7 10. Nxe5 Qxd1 11. Rxd1 Bf6 12. Bxc6+ 1-0

[Event "Challenge"]
[Site "http://www.queenalice.com/game.php?id=1385757"]
[Date "2015.9.27"]
[Round "-"]
[White "tiagomdorini"]
[Black "GiovaniB10"]
[Result "0-1"]
[WhiteElo "1404"]
[BlackElo "1760"]

1. d4 e6 2. e4 g6 3. Nf3 d5 4. Bb5+ Bd7 5. Nc3 Bb4 6. O-O Bxc3 7. Bg5 f6 8. bxc3
Bxb5 9. exd5 Bxf1 10. Kxf1 fxg5 11. dxe6 Qd5 12. Qe1 Nc6 13. Qe3 h6 14. h3 O-O-O
15. h4 g4 16. Nh2 h5 17. g3 Qh1+ 18. Ke2 Qxa1 19. e7 Ngxe7 20. Qe6+ Kb8 21. f3
Qxc3 0-1

[Event "Sinhozinho do agreste"]
[Site "http://www.queenalice.com/game.php?id=1385904"]
[Date "2015.9.28"]
[Round "-"]
[White "GiovaniB10"]
[Black "tiagomdorini"]
[Result "0-1"]
[WhiteElo "1762"]
[BlackElo "1419"]

1. e4 e5 2. b3 Bc5 3. Nf3 d6 4. h3 Nf6 5. Nc3 O-O 6. d4 Nxe4 7. Nxe4 Bxd4 8.
Nxd4 exd4 9. Qxd4 Nc6 10. Qc3 Re8 11. Bd3 f5 12. Bb5 fxe4 13. Bxc6 bxc6 14. Qxc6
Be6 15. Qxe4 Bf5 16. Qxe8+ Qxe8+ 17. Be3 Qe5 18. Rf1 Qxa1+ 19. Ke2 Qxa2 20. g4
Be6 21. Kd2 Bxb3 22. Rc1 c5 23. Kd1 Bxc2+ 24. Rxc2 Qxc2+ 25. Kxc2 a5 26. Kb3 a4+
27. Ka3 g6 28. g5 c4 29. Bd4 Rc8 30. Kxa4 c3 31. Be3 c2 32. Bc1 d5 33. Kb3 d4
34. f4 d3 35. Kb2 Rc4 36. h4 Re4 37. Kc3 Re1 38. Kd2 Rd1+ 39. Kc3 Kf7 40. Ba3
Ke6 41. Bb4 c1=Q+ 42. Kb3 Qc2+ 43. Ka3 Ra1# 0-1

[Event "Challenge"]
[Site "http://www.queenalice.com/game.php?id=1393597"]
[Date "2015.11.11"]
[Round "-"]
[White "GiovaniB10"]
[Black "tiagomdorini"]
[Result "1-0"]
[WhiteElo "1790"]
[BlackElo "1433"]

1. e4 e5 2. Qh5 d6 3. Bc4 Be6 4. Bxe6 Qe7 5. Bd5 c6 6. Bc4 g6 7. Qg4 Nf6 8. Qc8+
Qd8 9. Bxf7+ Ke7 10. Qxb7+ Qd7 11. Qxa8 Qc7 12. Bc4 d5 13. Bb5 Nfd7 14. exd5 Nb6
15. d6+ Kxd6 16. Bxc6 Nxa8 17. Bxa8 Ke6 18. Nf3 Bd6 19. Ng5+ Kd7 20. c3 Be7 21.
Ne4 Nc6 22. Bxc6+ Qxc6 23. d3 Qb5 24. c4 Qb4+ 25. Nbc3 Rd8 26. O-O Kc7 27. Nd5+
Rxd5 28. cxd5 Bc5 29. a3 Qb3 30. Nxc5 Qxd3 31. Nxd3 e4 32. Bf4+ 1-0

[Event "Life or death"]
[Site "http://www.queenalice.com/game.php?id=1395195"]
[Date "2015.11.20"]
[Round "-"]
[White "GiovaniB10"]
[Black "mascarade"]
[Result "1-0"]
[WhiteElo "1762"]
[BlackElo "2057"]

1. e4 e5 2. Nf3 d6 3. h3 Nc6 4. Nc3 b6 5. Bb5 Bb7 6. d4 exd4 7. Nxd4 Ne7 8. Nd5
Qd7 9. Qg4 O-O-O 10. Nxe7+ Bxe7 11. Bxc6 Bxc6 12. Nxc6 Kb7 13. Nxd8+ 1-0

[Event "Challenge"]
[Site "http://www.queenalice.com/game.php?id=1395488"]
[Date "2015.11.22"]
[Round "-"]
[White "JORAM2205"]
[Black "GiovaniB10"]
[Result "1-0"]
[WhiteElo "1766"]
[BlackElo "1792"]

1. e4 e5 2. Nf3 d6 3. Nc3 Bg4 4. Bc4 Nf6 5. d3 h6 6. h3 Bxf3 7. Qxf3 c6 8. Bd2
b5 9. Bb3 b4 10. Ne2 c5 11. Ba4+ Nbd7 12. b3 Qa5 13. a3 O-O-O 14. Ng3 g6 15. O-O
Kb7 16. Rfc1 Nb6 17. Qxf6 Bg7 18. Qxg7 Nxa4 19. Qxf7+ Qc7 20. Qxc7+ Kxc7 21.
axb4 Nb6 22. bxc5 dxc5 23. Rxa7+ 1-0

[Event "Your death"]
[Site "http://www.queenalice.com/game.php?id=1398071"]
[Date "2015.12.9"]
[Round "-"]
[White "mascarade"]
[Black "GiovaniB10"]
[Result "0-1"]
[WhiteElo "2017"]
[BlackElo "1775"]

1. Nf3 Nf6 2. d4 d5 3. g3 h6 4. Bg2 Nc6 5. Ne5 Be6 6. Nxc6 bxc6 7. c4 g5 8. Qa4
Qd6 9. b4 Rb8 10. c5 Qd7 11. Bd2 Bg7 12. Qxa7 O-O 13. Qa3 Ng4 14. Qf3 Bxd4 15.
Bc3 Bxf2+ 16. Kf1 d4 17. Bd2 Bd5 18. Qd3 Bxg2+ 19. Kxg2 Be3 20. Bxe3 Nxe3+ 0-1

[Event "Let's Play Chess!"]
[Site "http://www.queenalice.com/game.php?id=1400627"]
[Date "2015.12.26"]
[Round "-"]
[White "GiovaniB10"]
[Black "Bategoll"]
[Result "1/2-1/2"]
[WhiteElo "1801"]
[BlackElo "1871"]

1. e4 e5 2. Nc3 d6 3. d4 Be7 4. d5 Nf6 5. Bg5 O-O 6. Nf3 c5 7. h3 Nbd7 8. Qd2 a6
9. Bc4 b5 10. Be2 b4 11. Nd1 Nb6 12. b3 Bd7 13. c4 Nxe4 14. Bxe7 Nxd2 15. Bxd8
Nxf3+ 16. Bxf3 Raxd8 17. O-O f5 18. Be2 f4 19. f3 Bf5 20. g4 Bg6 21. h4 Nd7 22.
h5 1/2-1/2

[Event "Challenge"]
[Site "http://www.queenalice.com/game.php?id=1401430"]
[Date "2015.12.30"]
[Round "-"]
[White "tiagomdorini"]
[Black "GiovaniB10"]
[Result "0-1"]
[WhiteElo "1427"]
[BlackElo "1792"]

1. e4 e5 2. Nf3 Nc6 3. h4 d6 4. d3 Bg4 5. a4 Qf6 6. Be2 h6 7. Ra3 d5 8. Rb3 Nd4
9. Rxb7 Qc6 10. Rb4 Nxc2+ 11. Kd2 Bxb4+ 12. Nc3 dxe4 13. Nxe5 e3+ 14. fxe3 Bxe2
15. Qxe2 Qxa4 16. Qf3 Bxc3+ 17. Kxc3 O-O-O 18. Nxf7 Nd4 19. Qa8+ Kd7 20. Nxd8
Ne2+ 21. Kd2 Ng3 22. Qd5+ Kc8 23. Qd4 Qxd4 0-1

[Event "Challenge"]
[Site "http://www.queenalice.com/game.php?id=1401431"]
[Date "2015.12.30"]
[Round "-"]
[White "GiovaniB10"]
[Black "tiagomdorini"]
[Result "1-0"]
[WhiteElo "1794"]
[BlackElo "1410"]

1. Nf3 e6 2. e4 d5 3. e5 f6 4. d4 c5 5. Bb5+ Nd7 6. Be3 a6 7. Be2 b5 8. dxc5
Bxc5 9. Bxc5 Nxc5 10. Qd4 Qb6 11. exf6 Nxf6 12. Ne5 Nfe4 13. O-O O-O 14. f3 Nd6
15. b4 Nf5 16. Qxc5 Qxc5+ 17. bxc5 Nd4 18. Bd3 Bd7 19. Nxd7 Rfd8 20. Ne5 Rac8
21. c6 Nxc6 22. Nxc6 Rxc6 23. Nd2 b4 24. Rfe1 a5 25. a3 Rc3 26. axb4 axb4 27.
Rxe6 b3 28. Nxb3 Ra8 29. Rxa8+ Rc8 30. Rxc8+ Kf7 31. Ra6 1-0

[Event "Challenge"]
[Site "http://www.queenalice.com/game.php?id=1402980"]
[Date "2016.1.7"]
[Round "-"]
[White "GiovaniB10"]
[Black "narazadd"]
[Result "0-1"]
[WhiteElo "1796"]
[BlackElo "1883"]

1. e4 c5 2. Nf3 g6 3. Bc4 Bg7 4. d3 Nc6 5. Be3 b6 6. Bd5 Bb7 7. e5 Rb8 8. Ng5 e6
9. Qf3 Nxe5 10. Qf4 Bxd5 11. d4 f6 12. Ne4 Nc4 13. b3 Nxe3 14. fxe3 Bxe4 15.
Qxe4 Ne7 16. dxc5 f5 0-1

[Event "Grrrrrrr...."]
[Site "http://www.queenalice.com/game.php?id=1403495"]
[Date "2016.1.10"]
[Round "-"]
[White "mascarade"]
[Black "GiovaniB10"]
[Result "0-1"]
[WhiteElo "2027"]
[BlackElo "1806"]

1. Nf3 d5 2. d4 Qd6 3. g3 Nc6 4. a3 e5 5. dxe5 Nxe5 6. Bg2 Nxf3+ 7. Bxf3 d4 8.
Bf4 Qb6 9. Qc1 Qa5+ 10. Bd2 Qe5 11. O-O c6 12. c3 Bc5 13. b4 Bb6 14. a4 Bf5 15.
a5 Bc7 16. Bf4 Qe7 17. Bxc7 Qxc7 18. cxd4 Nf6 19. Nc3 Qd6 20. Qg5 g6 21. Rad1 h6
22. Qe3+ Kf8 23. b5 Re8 24. Qc1 Rc8 25. e4 Bh3 26. Rfe1 Qb4 27. Nd5 Nxd5 28.
exd5 cxd5 29. Qe3 Qxb5 30. Qe7+ Kg7 31. Qe5+ Kh7 32. Bxd5 Rhe8 33. Rb1 Rxe5 0-1

[Event "Challenge"]
[Site "http://www.queenalice.com/game.php?id=1404264"]
[Date "2016.1.15"]
[Round "-"]
[White "betofortaleza"]
[Black "GiovaniB10"]
[Result "0-1"]
[WhiteElo "1904"]
[BlackElo "1783"]

1. e4 e5 2. Bc4 Nf6 3. d3 Bb4+ 4. c3 Ba5 5. Bg5 h6 6. Bxf6 Qxf6 7. Nf3 g5 8. g3
g4 9. Nh4 Rg8 10. Nf5 d6 11. Qa4+ Nc6 12. Bb5 Bd7 13. Bxc6 Bxc6 14. Qxa5 b6 15.
Qa3 Rg5 16. Nd2 Rxf5 17. exf5 Bxh1 18. Qa4+ c6 19. Qxc6+ Bxc6 0-1

[Event "Chein"]
[Site "http://www.queenalice.com/game.php?id=1408737"]
[Date "2016.2.11"]
[Round "-"]
[White "GiovaniB10"]
[Black "tiagomdorini"]
[Result "1-0"]
[WhiteElo "1804"]
[BlackElo "1462"]

1. Nf3 e6 2. e4 Nc6 3. e5 d6 4. Bb5 a6 5. Bxc6+ bxc6 6. d4 Rb8 7. b3 dxe5 8.
Nxe5 Qd5 9. Nc3 Qxg2 10. Rf1 Qxh2 11. Qf3 Bb4 12. Qxf7+ Kd8 13. Nxc6# 1-0

[Event "Plleeiiim "]
[Site "http://www.queenalice.com/game.php?id=1408738"]
[Date "2016.2.11"]
[Round "-"]
[White "tiagomdorini"]
[Black "GiovaniB10"]
[Result "0-1"]
[WhiteElo "1489"]
[BlackElo "1831"]

1. d4 d5 2. Nc3 Nf6 3. e3 a6 4. Nf3 Bg4 5. Be2 h6 6. h3 Bf5 7. g4 Be6 8. g5 Ne4
9. Nxe4 dxe4 10. Ne5 hxg5 11. f3 Qd6 12. Nc4 Bxc4 13. Bxc4 Qb4+ 14. c3 Qxc4 15.
fxe4 e6 16. e5 f5 17. exf6 gxf6 18. Qf3 f5 19. Qxb7 Qd5 20. Qxd5 exd5 21. a3 g4
22. Kf2 gxh3 23. e4 dxe4 24. Kg3 Bd6+ 25. Bf4 Nd7 26. Rxh3 Bxf4+ 27. Kg2 Rg8+
28. Kf2 e3+ 29. Kf3 Rg4 30. Rh8+ Nf8 31. Rah1 O-O-O 32. R1h5 Rg5 33. Kxf4 Rxh5
34. Rxh5 e2 35. Rh1 Re8 36. Re1 Ng6+ 37. Kxf5 Nh4+ 38. Kg4 Ng2 39. Rg1 e1=Q 40.
Rxe1 Rxe1 41. b4 Ra1 42. Kg3 Ne3 43. Kf3 Nc4 0-1

[Event "Challenge"]
[Site "http://www.queenalice.com/game.php?id=1410922"]
[Date "2016.2.24"]
[Round "-"]
[White "GiovaniB10"]
[Black "Paulobraz"]
[Result "0-1"]
[WhiteElo "1852"]
[BlackElo "1961"]

1. e4 g6 2. d4 Bg7 3. e5 d6 4. Nf3 dxe5 5. dxe5 Qxd1+ 6. Kxd1 Nc6 7. Bb5 Bd7 8.
Bf4 O-O-O 9. Nbd2 a6 10. Bc4 e6 11. Re1 Nge7 12. Ng5 Rdf8 13. Nde4 Bxe5 14. Bxe5
Nxe5 15. Nf6 Nxc4 16. Nfxh7 Rd8 17. Nf6 Bc6+ 18. Kc1 Bxg2 19. Nxf7 Rxh2 20. Nxd8
Kxd8 21. b3 Nb6 22. Rxe6 Bd5 23. Nxd5 Nbxd5 24. Kb2 Rxf2 25. Rd1 c6 26. Kc1 Kc7
27. c4 Kd7 28. cxd5 cxd5 29. Rde1 Rf7 30. a4 g5 31. Rb6 Kc7 32. a5 Nc6 33. b4 d4
34. Kd2 g4 35. b5 Nxa5 36. Rg6 Nc4+ 37. Kd3 axb5 38. Rxg4 Rd7 39. Re6 Rd6 40.
Re1 Kb6 41. Re7 Kc6 42. Rg5 Kb6 43. Rgg7 Nb2+ 44. Kc2 d3+ 45. Kc3 Na4+ 46. Kb4
Rd4+ 47. Kb3 Nc5+ 48. Kc3 d2 49. Rg6+ Ka7 50. Kxd4 Nb3+ 0-1

[Event "Fim de uma era"]
[Site "http://www.queenalice.com/game.php?id=1411346"]
[Date "2016.2.28"]
[Round "-"]
[White "GiovaniB10"]
[Black "mascarade"]
[Result "1-0"]
[WhiteElo "1833"]
[BlackElo "1896"]

1. e4 e5 2. d4 exd4 3. Qxd4 Nc6 4. Qe3 b6 5. a3 Bb7 6. b4 Qf6 7. c3 g6 8. Bb2
Bh6 9. Qe2 Bf4 10. g3 Be5 11. Nf3 Qe7 12. b5 Na5 13. Nbd2 Bg7 14. e5 O-O-O 15.
Bg2 f6 16. exf6 Qxe2+ 17. Kxe2 Bxf6 18. Rhe1 h5 19. Kf1 Nh6 20. Bh3 Ng4 21. Ne4
Nb3 22. Rad1 Kb8 23. Bg2 Bg7 24. h3 Ne5 25. Neg5 Rhf8 26. Nxe5 Bxg2+ 27. Kxg2
Bxe5 28. Rxe5 1-0

[Event "Challenge"]
[Site "http://www.queenalice.com/game.php?id=1411591"]
[Date "2016.3.1"]
[Round "-"]
[White "kamicrazy"]
[Black "GiovaniB10"]
[Result "1-0"]
[WhiteElo "1447"]
[BlackElo "1852"]

1. Nc3 e5 2. Nf3 Nc6 3. Nd5 Nf6 4. e4 Nxe4 5. Bc4 Bc5 6. Qe2 Nxf2 7. Rf1 e4 8.
Ng5 Nb4 9. Nxb4 Qxg5 10. Rxf2 Bxf2+ 11. Kxf2 Qh4+ 12. Kg1 a5 13. Nd5 Kd8 14. g3
Qh3 15. Qxe4 Re8 16. Qh4+ Qxh4 17. gxh4 Re1+ 18. Bf1 Ra6 19. Kf2 Re5 20. Bxa6
bxa6 21. Nf4 Re4 22. d3 Rb4 23. c4 Bb7 24. Nd5 Bxd5 25. cxd5 Rxh4 26. Bg5+ 1-0

[Event "Challenge"]
[Site "http://www.queenalice.com/game.php?id=1411592"]
[Date "2016.3.1"]
[Round "-"]
[White "GiovaniB10"]
[Black "kamicrazy"]
[Result "1-0"]
[WhiteElo "1842"]
[BlackElo "1447"]

1. e4 e5 2. Nf3 Qe7 3. a3 Nf6 4. Nc3 Nc6 5. d4 d6 6. d5 Nd4 7. Nxd4 exd4 8. Qxd4
c5 9. Qa4+ Bd7 10. Bb5 a6 11. Bxd7+ Nxd7 12. O-O a5 13. Nb5 Nb6 14. Qb3 c4 15.
Qf3 Rc8 16. Be3 Na4 17. Bf4 Rc5 18. Bxd6 Qd7 19. Bxc5 Qxb5 20. Bxf8 Rxf8 21. b4
axb4 22. Rab1 b3 23. cxb3 cxb3 24. Rxb3 Qa6 25. Qf5 g6 26. Qc8+ Ke7 27. d6+ Qxd6
28. Rxb7+ Kf6 29. Qc4 Qxa3 30. Qd4+ Kg5 31. Ra1 Qc3 32. Qxc3 Nxc3 33. Ra5+ Kh6
34. g4 Nxe4 35. h4 Nf6 36. g5+ Kh5 37. gxf6+ Kxh4 38. Kg2 g5 39. f4 gxf4 40. Kf3
h6 41. Rb4 h5 42. Rxf4+ 1-0

[Event "Challenge"]
[Site "http://www.queenalice.com/game.php?id=1420697"]
[Date "2016.4.30"]
[Round "-"]
[White "kamicrazy"]
[Black "GiovaniB10"]
[Result "0-1"]
[WhiteElo "1447"]
[BlackElo "1840"]

1. e4 e5 2. Nf3 Bd6 3. d4 exd4 4. Nxd4 Qh4 5. Nc3 Bb4 6. Nf3 Qxe4+ 7. Be2 Qc6 8.
Nd4 Bxc3+ 9. bxc3 Qxc3+ 10. Bd2 Qxd4 0-1

[Event "Challenge"]
[Site "http://www.queenalice.com/game.php?id=1420698"]
[Date "2016.4.30"]
[Round "-"]
[White "GiovaniB10"]
[Black "kamicrazy"]
[Result "1-0"]
[WhiteElo "1844"]
[BlackElo "1447"]

1. e4 Nc6 2. d4 e5 3. d5 Nce7 4. Nf3 d6 5. Nc3 Bg4 6. Be2 Nf6 7. h3 h5 8. hxg4
Nxg4 9. Ng5 Qd7 10. Bxg4 f5 11. Bxh5+ g6 12. Bxg6+ Nxg6 13. Rxh8 Nxh8 14. Qh5+
1-0

[Event "Challenge"]
[Site "http://www.queenalice.com/game.php?id=1434848"]
[Date "2016.8.5"]
[Round "-"]
[White "GiovaniB10"]
[Black "mascarade"]
[Result "0-1"]
[WhiteElo "1815"]
[BlackElo "1851"]

1. e4 e5 2. Nf3 d6 3. d4 exd4 4. Qxd4 Nc6 5. Bb5 Ne7 6. Bg5 Bd7 7. Qc4 f6 8. Bf4
a6 9. Bxc6 Nxc6 10. Nc3 Ne5 11. Bxe5 fxe5 12. O-O-O Be7 13. a4 Bg5+ 14. Kb1 Be7
15. h4 Qc8 16. Nd5 Bd8 17. Ng5 Bxg5 18. hxg5 Bc6 19. g6 Qd7 20. Rxh7 O-O-O 21.
Rdh1 Bxd5 22. Qxd5 Rhg8 23. b3 Qe8 24. Qf7 Qd7 25. g3 Rdf8 26. Qxd7+ Kxd7 27.
Rf1 Rf6 28. f4 exf4 29. Rxf4 Rxg6 30. Rf7+ Kc8 0-1